Devinez la chanson Disney sans indices (2) - Statistiques

Statistiques générales
  • Ce quiz a été pris 75 fois
    21 depuis la dernière actualisation
  • Le résultat moyen est 234 sur 414
Statistiques - réponses
Paroles % Correct
j'
100%
J'
100%
je
100%
Je
100%
à
92%
a
92%
c'
92%
C'
92%
l'
92%
la
92%
le
92%
m'
92%
n'
92%
s'
92%
D'
77%
d'
77%
de
77%
Les
77%
les
77%
(les)
77%
77%
pour
77%
Pour
77%
(pour)
77%
se
77%
suis
77%
t'
77%
ai
69%
ce
69%
est
69%
et
69%
Et
69%
Ho
69%
il
69%
ma
69%
qu'
69%
Un
69%
un
69%
des
62%
(des)
62%
en
62%
hommes
62%
(hommes)
62%
mais
62%
nous
62%
que
62%
Tu
62%
une
62%
aille
54%
ça
54%
ces
54%
du
54%
mes
54%
ne
54%
pas
54%
peau
54%
qui
54%
Qui
54%
tout
54%
vous
54%
au
46%
bien
46%
Comment
46%
demi
46%
dieu
46%
était
46%
fait
46%
îles
46%
ils
46%
océan
46%
plus
46%
si
46%
te
46%
tous
46%
accord
38%
allé
38%
beau
38%
belle
38%
danse
38%
dire
38%
enfant
38%
Être
38%
histoire
38%
jeu
38%
Mauï
38%
mer
38%
naturel
38%
passe
38%
poser
38%
Quand
38%
sens
38%
sensationnel
38%
sont
38%
toute
38%
très
38%
vais
38%
vrai
38%
Après
31%
avouer
31%
bateau
31%
beaux
31%
boire
31%
Cette
31%
comprends
31%
créé
31%
deux
31%
donne
31%
feu
31%
ha
31%
humains
31%
jours
31%
offrir
31%
ordinaire
31%
oui
31%
Oui
31%
parti
31%
petit
31%
peux
31%
rien
31%
ses
31%
simplement
31%
soleil
31%
sur
31%
Sur
31%
univers
31%
vent
31%
vraiment
31%
adorable
23%
ah
23%
aiment
23%
aller
23%
anguille
23%
attiré
23%
bizarre
23%
brise
23%
cadence
23%
changent
23%
chercher
23%
ciao
23%
cieux
23%
cocotier
23%
corps
23%
devise
23%
doit
23%
drôle
23%
face
23%
fleurs
23%
flots
23%
fois
23%
fort
23%
froid
23%
heureux
23%
hula
23%
lasso
23%
leçon
23%
loin
23%
(loin)
23%
longs
23%
maintenant
23%
moi
23%
monde
23%
morale
23%
origine
23%
Ouvre
23%
pendant
23%
perfection
23%
peuvent
23%
phénomènes
23%
pincer
23%
pouces
23%
rare
23%
rendre
23%
Respecte
23%
rêve
23%
soulevé
23%
stars
23%
supers
23%
titanesques
23%
vagues
23%
voilà
23%
voulais
23%
yeux
23%
cheveux
15%
dansiez
15%
énergumène
15%
enterrée
15%
exploits
15%
fresque
15%
hey
15%
Merci
15%
merveilleux
15%
tué
15%
Aucun quiz correspondant
Distribution des résultats
% des personnes avec chaque résultat
Percentile par nombre de réponses
Votre historique - résultats
Vous n’avez pas pris ce quiz depuis la dernière actualisation